000 00642nam a22001937a 4500
003 CEME
005 20210628204156.0
008 210105b xxu||||| |||| 00| 0 eng d
020 _a9788120337763
040 _cceme
082 _a621 SAW
100 _aSawhney, G.S
_963721
245 _aFundamentals of mechanical engineering, thermodynamics, mechanics, theory of machines and strength of materials
250 _a2ND
260 _aNEW DELHI
_bPHI LEARNING
_c2009
300 _aX, 827P
650 _aMECHANICAL ENGINEERING-FUNDAMENTALS . THERMODYNAMICS, MECHANICS, THEORY OF MACHINES AND STRENGTH OF MATERIALS
_969119
942 _cBK
_2ddc
999 _c576522
_d576522